Flexibilidad y regulación laboral: una reflexión sociológica /
Salvato in:
| Autore principale: | |
|---|---|
| Natura: | testo |
| Soggetti: | |
| Tags: |
Aggiungi Tag
Nessun Tag, puoi essere il primo ad aggiungerne!!
|
MARC
| LEADER | 00000 a a2200000 04500 | ||
|---|---|---|---|
| 001 | 3530 | ||
| 003 | |||
| 040 | |||
| 100 | |a Vite Pérez, Miguel Angel | ||
| 245 | |a Flexibilidad y regulación laboral: |b una reflexión sociológica / |c Miguel Angel Vite Pérez | ||
| 650 | |a HORARIO VARIABLE DE TRABAJO | ||
| 650 | |a POLITICA LABORAL | ||
| 650 | |a JUSTICIA SOCIAL | ||
| 650 | |a TRABAJO | ||
| 773 | |g volumen 52, número 4; páginas 362-367 | ||
| 999 | |c 29618 |d 29618 | ||
